000
00242nam a22001097a 4500
082
_a
320.092 SIN'A
100
_a
SINCLAIR, T. A
_9
79738
245
_a
ARISTOTLE THE POLITICS
260
_a
LONDON
_b
PENGIUN
_c
1967
300
_a
319P
942
_c
BK
999
_c
584740
_d
584740